| 000 | 00479nam a2200181Ia 4500 | ||
|---|---|---|---|
| 005 | 20250326123946.0 | ||
| 008 | 250326s9999 xx 000 0 und d | ||
| 037 | _aTextbook | ||
| 040 |
_aFMSL _beng _cFMSL |
||
| 041 |
_aeng _2eng |
||
| 084 |
_aV3 L4 _qFMSL |
||
| 100 | _aRuthnaswamy M | ||
| 245 | 0 |
_alegislation: principles and practice _cRuthnaswamy M |
|
| 260 |
_aDelhi _bDelhi, D K _c1974 |
||
| 300 | _a262p | ||
| 942 |
_cTB _hV3 L4 |
||
| 999 |
_c1271658 _d1271658 |
||